[Event "FRA-ch U18/14 Online"]
[Site "Europe Echecs INT"]
[Date "2020.07.11"]
[Round "1"]
[White "Kuhn, Clement"]
[Black "Krzymanski, Leo"]
[Result "1-0"]
[WhiteElo "2150"]
[BlackElo "1506"]
[PlyCount "113"]
[EventDate "2020.07.11"]
[EventType "swiss (blitz)"]
[EventRounds "9"]
[EventCountry "FRA"]
[SourceTitle "EXT 2021"]
[Source "ChessBase"]
[SourceDate "2020.10.23"]
[SourceVersion "1"]
[SourceVersionDate "2020.10.23"]
[SourceQuality "1"]

1. e4 c5 2. Nf3 Nc6 3. Bb5 Qb6 4. Nc3 e6 5. 0-0 a6 6. Bxc6 Qxc6 7. d4 cxd4 8. Nxd4 Qc7 9. Be3 Nf6 10. f3 Be7 11. Qd2 0-0 12. a4 Rd8 13. Qe2 d5 14. exd5 Nxd5 15. Nxd5 Rxd5 16. c4 Rd8 17. Rfd1 Bd7 18. a5 Rac8 19. Nb3 Qxc4 20. Qxc4 Rxc4 21. Bb6 Rdc8 22. Rxd7 Bf6 23. Rad1 Rb4 24. R7d3 h6 25. R1d2 Bg5 26. Be3 Bf6 27. Kf2 e5 28. Nc5 Rb5 29. Ne4 Be7 30. Rd7 Bb4 31. Rd8+ Rxd8 32. Rxd8+ Kh7 33. Nd6 Bxd6 34. Rxd6 Rxb2+ 35. Rd2 Rb5 36. Bb6 Kg6 37. Rd7 Rb2+ 38. Kg3 h5 39. Rxb7 Kg5 40. Rxf7 g6 41. Rb7 Re2 42. Bd8+ Kh6 43. Rb6 Rd2 44. Bf6 e4 45. fxe4 Rd3+ 46. Kf2 Rd2+ 47. Kf3 Rd3+ 48. Ke2 Ra3 49. e5 Ra2+ 50. Kd3 Rxg2 51. e6 Rxh2 52. e7 Rh3+ 53. Kd4 Rh1 54. e8Q Rd1+ 55. Kc3 Rc1+ 56. Kd2 Rc7 57. Qf8+ 1-0